01248 2200241 4500001002100000005001500021035002000036007000300056008004100059020002200100082001000122084001600132100002000148245013800168250000600306260002900312300004600341700001900387700001700406650005600423520051000479990001700989INLIS00000000000090920260506072005 a0010-0823000073ta260506 j 0 ind  a978-979-063-476-3 a612.1 a612.1 DED s0 aDede Abdurohman1 aSistem Peredaran Darah :bcairan sel yang mengalir tiada henti /cDede Abdurohman ; editor, Tatik Widyah R ; ilustrator, Imam Permana a- aJakarta :bNectar,c2013 a32 :bilus. ; gambar berwarna ;c28 cme-0 aTatik Widyah R0 aImam Permana 4aFungsi saraf dan indera perasa - Bacaan Kanak-kanak aTahukah kamu, bagaimana sistem kerja peredaran darah kita? Apa saja fungsi dari alat-alat peredaran darah kita? Kenapa jantungmu berbunyi “lup-dub lup-dub”? Apa golongan darahmu? Mengapa golongan darah kita bisa berbeda? Bagaimana cara mencegah anemia? Ingin tahu jawabannya? Bersama Desi dan Miko, kita akan berpetualang menjelajahi cara kerja sistem peredaran darah manusia dan hal-hal unik lainnya yang menakjubkan. Dapatkan petualangan seru lainnya dalam buku Seri Bagaimana Organ Tubuhmu Bekerja! a00095/K/2017